Cơ sở kỹ thuật laser

Shranjeno v:
Bibliografske podrobnosti
Format: Knjiga
Jezik:Vietnamese
Izdano: Giáo Dục 2001
Teme:
Oznake: Označite
Brez oznak, prvi označite!
Thư viện lưu trữ: Mạng thư viện Đại học Đà Nẵng
LEADER 00978nam a2200301 a 4500
001 000002782
003 01825
005 20171229145311.0
008 171229s2001 vie
040 |a LSK 
041 0 |a VIE 
082 0 |a 621.366  |b TR-H 
245 0 0 |a Cơ sở kỹ thuật laser  |c Trần Đức Hân chủ biên; Nguyễn Minh Hiển 
260 |b Giáo Dục  |c 2001 
300 |a 248 pages  |c 24 cm. 
653 |a Kỹ thuật laser 
852 |a Phòng Đọc - Phòng Mượn 
901 |a 19 
927 |a Sách tham khảo 
OWN |a LSK 
AVA |a UDN50  |b LSK  |d 621.366 TR-H  |e check_holdings  |t Error 5003 Not defined in file expand_doc_bib_avail.  |h N  |k 1 
999 |a From the UDN01 
AVA |a UDN50  |b LSK  |d 621.366 TR-H  |e available  |t Error 5001 Not defined in file expand_doc_bib_avail.  |f 19  |g 0  |h N  |i 0  |k 1 
TYP |a Monograph 
TYP |a Printed language 
980 |a Mạng thư viện Đại học Đà Nẵng